000 00809cam a22002655a 4500
001 L157872
008 130621s2013 xxk f 000 0 eng d
020 _a9781848063273
035 _a(Sirsi) u157872
041 0 _aeng
100 1 _aHARDY, C.
245 0 0 _aSurface water run-off in the code for sustainable homes
260 _aWatford : BRE, 2013
300 _a6p. : ill. ; 30cm.
490 0 _aBRE Information Paper
_v(6/13)
520 _aExplains the mandatory surface water run-off requirements for new developments specified in the Code for Sustainable Homes.
521 _aKA
650 2 4 _aSUSTAINABLE HOUSING
650 2 4 _aCODE FOR SUSTAINABLE HOMES
651 4 _aENGLAND AND WALES
690 _aSURFACE WATER
700 1 _aMcCarrick, Sarah
700 1 _aYates, Alan
942 _n0
999 _c115008
_d115008